000 00429cam a22001217a 4500
008 180718b1982 xxu||||| |||| 00| 0 eng d
082 _aA81x54 In2/81/16/Pt13A/SU
100 _aCensus of India 1981
245 _aOrissa district census handbook, Sudargarh: village and town directory
260 _aCuttack
_bThe Survey and Map Publication
_c1982
300 _a399+p.
440 _aCensus of India 1981. Series-16, Orissa. Part XIII A
999 _c483185
_d483185